000 00571nam a2200205Ia 4500
003 OSt
005 20250224145710.0
008 210210b1999 xxu||||| |||| 00| 0 eng d
040 _cal
041 _akan
082 _aK894.9 AMAN
100 _aAMARESHA NUGADONI.
_dಅಮರೇಶ ನುಗಡೋಣಿ
_9202254
245 _aNudiva bedagu.
_bನುಡಿವ ಬೆಡಗು
260 _aHampi
_bKannada Vishvavidyalaya
_c1999
300 _ax,100
650 _aKavirajamarga
_9202255
690 _aKannada Criticism
_9202256
906 _aSG03495
942 _2ddc
_cBK
999 _c114452
_d114452